|
|
|
|
| LEADER |
00588cam a2200157 7i4500 |
| 001 |
0000026017 |
| 005 |
20110429090000.0 |
| 090 |
0 |
0 |
|a M 378
|b LIM
|
| 245 |
0 |
0 |
|a Limkokwing University of Creative Technology 21st century education :
|b empowering a new generation of global citizens.
|
| 260 |
0 |
0 |
|a Cyberjaya:
|b LimKokWing University of Creative Technology,
|c 2005.
|
| 300 |
# |
# |
|a [v.p].
|
| 650 |
0 |
0 |
|a Education --
|z Malaysia
|
| 650 |
0 |
0 |
|a Higher education --
|x Malaysia
|
| 650 |
0 |
0 |
|a LimKokWing University --
|z Malaysia
|
| 651 |
0 |
0 |
|a Malaysia
|
| 999 |
|
|
|a 0000028319
|b Book
|c Malaysia
|e Business Information Centre
|